Stavebno-technologický projekt pre stavbu: Rezidenčný komplex SAND RESORT

Gespeichert in:
Bibliographische Detailangaben
1. Verfasser: Očkaj, Lukáš (Verfasst von)
Weitere Verfasser: Ďubek, Marek (Betreuung Doktorarbeit)
Format: Manuskript Buch
Sprache:Slowakisch
Veröffentlicht: 2025
Schlagworte:
Online-Zugang:http://is.stuba.sk/zp/portal_zp.pl?podrobnosti=176479
CRZP
Tags: Tag hinzufügen
Keine Tags, Fügen Sie das erste Tag hinzu!

MARC

LEADER 00000ntm a22000003a 4500
001 stuzp99581
003 SK-STU
005 20250729143619.7
007 ta
008 150427s2015----xo-----f-mn---000-0-slo-d
040 |a STU  |b slo 
041 0 |a slo 
100 1 |a Očkaj, Lukáš  |u 010270  |4 aut  |U SvF Stavebná fakulta  |T SvF Katedra technológie stavieb  |X 81217  |U V270  |Y 28  |7 81217 
242 0 1 |a Construction - Technological Project - Residential complex SAND RESORT  |y eng 
245 1 0 |a Stavebno-technologický projekt pre stavbu: Rezidenčný komplex SAND RESORT 
260 |c 2025 
650 4 |a finishing processes  |2 eng 
650 4 |a rough construction  |2 eng 
650 4 |a construction site  |2 eng 
650 4 |a Agáty  |2 eng 
650 4 |a Sand Resort  |2 eng 
650 4 |a Residential complex  |2 eng 
650 4 |a Agáty  |2 slo 
650 4 |a Rezidenčný komplex  |2 slo 
650 4 |a dokončovacie procesy  |2 slo 
650 4 |a hrubá stavba  |2 slo 
650 4 |a zariadenie staveniska  |2 slo 
650 4 |a Sand Resort  |2 slo 
700 1 |a Ďubek, Marek  |u 010270  |k Z1  |4 ths  |U SvF Stavebná fakulta  |T SvF Katedra technológie stavieb  |X 20818  |U V270  |Y 28  |7 A000020818 
856 4 |u http://is.stuba.sk/zp/portal_zp.pl?podrobnosti=176479 
856 4 |u https://opac.crzp.sk/?fn=detailBiblioForm&sid=809C367C54749DCAA340ADFF7E5A  |z CRZP